[Event "Stockholm op"]
[Site "Stockholm"]
[Date "2014.05.28"]
[Round "2"]
[White "Haddad, Johannes"]
[Black "Marder, Simon"]
[Result "0-1"]
[WhiteElo "1550"]
[BlackElo "2040"]
[PlyCount "36"]
[EventDate "2014.05.28"]
[EventType "swiss"]
[EventRounds "9"]
[EventCountry "SWE"]
[SourceTitle "CBM 160 Extra"]
[Source "ChessBase"]
[SourceDate "2014.07.01"]
[SourceVersion "1"]
[SourceVersionDate "2014.07.01"]
[SourceQuality "1"]

1. e4 e5 2. c3 Nf6 3. Bd3 d5 4. Qe2 Bd6 5. exd5 Nxd5 6. Bc2 Nc6 7. h3 Qe7 8. g3 Bd7 9. d3 0-0-0 10. Nd2 f5 11. Nc4 Rhe8 12. Nxd6+ Qxd6 13. Bg5 Nf6 14. 0-0-0 Qd5 15. Qf3 Qxa2 16. Ne2 Na5 17. Kd2 e4 18. Qe3 exd3 0-1